000 00320nam a2200133Ia 4500
008 150301s2015 xx 000 0 und d
082 _a615.19
_bP14A
100 _aMOHAMMED ALI
245 _aTEXTBOOK OF PHARMACEUTICAL CHEMISTRY -|
260 _bCBS- DELHI
300 _a314
650 _aCHEMISTRY
942 _2ddc
_cBK
_06
999 _c7079
_d7079